[Event "Mlada Boleslav Region-ch"]
[Site "Mlada Boleslav"]
[Date "2015.06.20"]
[Round "4"]
[White "Rybova, Magdalena"]
[Black "Bohac, Jaroslav"]
[Result "0-1"]
[WhiteElo "1092"]
[BlackElo "1233"]
[PlyCount "54"]
[EventDate "2015.06.20"]
[EventType "swiss"]
[EventRounds "7"]
[EventCountry "CZE"]
[SourceTitle "EXT 2017"]
[Source "ChessBase"]
[SourceDate "2016.10.25"]
[SourceVersion "1"]
[SourceVersionDate "2016.10.25"]
[SourceQuality "1"]

1. e4 e5 2. Nf3 Nc6 3. Bc4 Bc5 4. Nc3 d6 5. d3 Bg4 6. Be3 Bb4 7. Qe2 Nd4 8. Bxd4 exd4 9. 0-0-0 dxc3 10. h3 cxb2+ 11. Kxb2 Qf6+ 12. d4 Bxf3 13. gxf3 0-0-0 14. Rd3 Bc5 15. f4 Bxd4+ 16. Kc1 Bb6 17. Qg4+ Kb8 18. e5 Qg6 19. Qh4 Nh6 20. exd6 Rxd6 21. Rhd1 Rxd3 22. Rxd3 Qg1+ 23. Kb2 Bxf2 24. Qe7 Bd4+ 25. Ka3 Bc5+ 26. Qxc5 Qxc5+ 27. Kb2 Qxc4 0-1